000 00716nam a2200205 a 4500
003 AM-YEHGA
005 20250617164603.0
008 211115s1962 ru a|||fr|||||000|||rus||
040 _aAM-YeHGA
041 0 _arus
100 1 _aАнискин, Евгений Дмитриевич
245 1 0 _aНаш друг автомобиль /
_cЕ.А. Анискин, Е. Улицкий.
260 _aМосква :
_bИзд. Физкультура и спорт,
_c1962.
300 _a114 с. :
_bил. ;
_c20 см.
650 1 4 _aАвтомобили легковые
_vЭксплуатация
700 1 _aУлицкий, Евгений Яковлевич
942 _2udc
_cBK
001 1803013
090 _c563840
999 _c526255
_d526255